| 000 | 02731nmm a2200373 a 4500 | ||
|---|---|---|---|
| 001 | 00010657 | ||
| 003 | WSP | ||
| 005 | 20260416153417.0 | ||
| 007 | cr cuu|||uu||| | ||
| 008 | 171124s2018 si a ob 001 0 eng d | ||
| 010 | _z 2017037720 | ||
| 040 |
_aWSPC _beng _cWSPC |
||
| 020 |
_a9789813228115 _q(ebook) |
||
| 020 |
_z9789813228108 _q(hbk.) |
||
| 050 | 0 | 4 |
_aTP155.2.E58 _bA37 2018 |
| 082 | 0 | 4 |
_a660.028/6 _223 |
| 245 | 0 | 0 |
_aAdvanced green chemistry. _nPart 1, _pGreener organic reactions and processes / _cedited by Istvan T. Horvath, Max Malacria. |
| 246 | 3 | 0 | _aGreener organic reactions and processes |
| 260 |
_aSingapore : _bWorld Scientific Publishing Co. Pte Ltd., _c©2018. |
||
| 300 |
_a1 online resource (302 p.) : _bill. (some col.) |
||
| 490 | 0 |
_aSeries on chemistry, energy and the environment ; _vvol. 3 |
|
| 538 | _aMode of access: World Wide Web. | ||
| 588 | _aDescription based on online resource; title from PDF title page (viewed November 29, 2017). | ||
| 533 |
_aElectronic reproduction. _bSingapore : _cWorld Scientific, _d[2017] |
||
| 504 | _aIncludes bibliographical references and index. | ||
| 520 |
_a"Green Chemistry has evolved in response to several environmental issues in the second half of the last century, mostly due to the almost freely expanding chemical, petrochemical, and pharmaceutical industries. During the past two decades Green Chemistry grew rapidly and we can now consider this area as a mature and powerful field. Tremendous development has taken place in many important areas including renewable energy and resources, reaction environments, catalysis, synthesis, chemical biology, green materials, in situ monitoring and facile recycling. The combination of Green Chemistry with engineering, biology, toxicology, and physics will lead to novel interdisciplinary systems, which can now lift Green Chemistry to the next, advanced level. The editors of this book have assembled as authors among the best specialists of this growing area of research. This collection of reviews and perspectives provides an exciting vision of the more recent developments in Green Chemistry. It illustrates the breath of the field and its role to address environmental issues. This volume will serve as a book of reference showing a panoramic view of the field and a preview of its future direction as well as a book of inspiration for those aiming to further advance its frontiers."-- _cProvided by publisher. |
||
| 650 | 0 | _aGreen chemistry. | |
| 650 | 0 | _aEnvironmental chemistry. | |
| 650 | 0 | _aElectronic books. | |
| 700 | 1 | _aHorváth, István T. | |
| 700 | 1 |
_aMalacria, Max, _d1949- |
|
| 856 | 4 | 0 | _uhttp://www.worldscientific.com/worldscibooks/10.1142/10657#t=toc |
| 942 | _cE-BOOK | ||
| 999 |
_c49790 _d49790 |
||